| 000 | 00695nam a22002417a 4500 | ||
|---|---|---|---|
| 003 | BD-DhJNU | ||
| 005 | 20250708062939.0 | ||
| 008 | 250708b |||||||| |||| 00| 0 eng d | ||
| 020 | _a9780323531139 | ||
| 040 |
_aBD-DhJNU _bENG _cBD-DhJNU _dBD-DhJNU |
||
| 082 |
_223 _a616.07 KUR |
||
| 100 | _aKumar, Vinay | ||
| 245 |
_aRobbins and cotran pathologic basis of disease / _cVinay Kumar, Abul K. Abbas and Jon C. Aster |
||
| 250 | _a10th ed. | ||
| 260 |
_aNew Delhi : _bElsevier _c2014. |
||
| 300 |
_axv, 672, 51p. : _bill. ; _c27 cm |
||
| 490 | _vvol. 1 | ||
| 504 | _aIncludes index | ||
| 650 | _aPathology | ||
| 700 | _aAbbas, Abul K. | ||
| 700 | _aAster, Jon C. | ||
| 942 |
_2ddc _cBK _n0 |
||
| 999 |
_c1874 _d1874 |
||